Eding the EU proxy war on refugees /
Guardado en:
| Hovedforfatter: | |
|---|---|
| Andre forfattere: | |
| Format: | Bog |
| Sprog: | English |
| Tags: |
Tilføj Tag
Ingen Tags, Vær først til at tagge denne postø!
|
MARC
| LEADER | 00000nam a22000007a 4500 | ||
|---|---|---|---|
| 003 | cru CIDCACS/IIS | ||
| 005 | 20171207153031.0 | ||
| 007 | ta | ||
| 008 | 171207s2015 ne |||p|r||||||0| ||eng d | ||
| 999 | |c 40714 |d 40714 | ||
| 040 | |c cru CIDCACS/IIS | ||
| 100 | 1 | |9 6211 |a Hintjens, Helen | |
| 245 | 1 | |a Eding the EU proxy war on refugees / |c Helen Hintjens, Ahmed Pouri | |
| 300 | |a páginas 13-15: |b mapa | ||
| 700 | 1 | |9 6212 |a Pouri, Ahmed | |
| 773 | 0 | |0 18173 |9 1681 |a International Institute of Social Studies |d Netherlands : International Institute of Social Studies |o 17956 |t Development Issues / |w ()46221 | |
| 942 | |2 ddc |c PP | ||
